00304nam a2200109Ia 4500008004100000245005700041260004900098260000900147300001000156500001200166650001600178170224s9999 xx 000 0 und d 4aThe psychology of coordination and common knowledge. bJournal of Personality and Social Psychology c2014 a107:4 aOctober xPsychology.